[Event "Trois-Rivieres Mauricie op U2000"]
[Site "Trois Rivieres"]
[Date "2016.03.19"]
[Round "2"]
[White "Vallieres, David"]
[Black "Johnson Constantin, Matthieu"]
[Result "0-1"]
[WhiteElo "1885"]
[BlackElo "1698"]
[PlyCount "80"]
[EventDate "2016.03.18"]
[EventType "swiss"]
[EventRounds "5"]
[EventCountry "CAN"]
[SourceTitle "EXT 2022"]
[Source "ChessBase"]
[SourceDate "2021.10.06"]
[SourceVersion "1"]
[SourceVersionDate "2021.10.06"]
[SourceQuality "1"]

1. e4 e6 2. d4 d5 3. Nc3 Bb4 4. e5 c5 5. a3 Bxc3+ 6. bxc3 Ne7 7. Qg4 Nf5 8. Bd3 h5 9. Qg5 Nc6 10. Qxd8+ Nxd8 11. dxc5 Bd7 12. Bxf5 exf5 13. Be3 Rc8 14. Rd1 Ne6 15. Ne2 f4 16. Bd4 Bb5 17. Rb1 Ba6 18. c6 b6 19. Bxb6 Rb8 20. Nd4 Nxd4 21. cxd4 Rxb6 22. Rxb6 axb6 23. Kd2 Rh6 24. f3 Rxc6 25. g3 Rg6 26. Rb1 fxg3 27. hxg3 Kd7 28. Rg1 h4 29. g4 h3 30. Rh1 Rh6 31. Ke3 h2 32. Kf2 Rc6 33. Rxh2 Rxc2+ 34. Kg3 Rxh2 35. Kxh2 Kc6 36. f4 Kb5 37. f5 Bc8 38. Kg3 Kc4 39. Kf4 Kxd4 40. g5 g6 0-1